000 00819nam a22002657a 4500
001 BR6003008
003 BR-BrBNA
005 20230928095622.0
007 ta
008 230509b bl.||||| |||| 00| 0 por d
040 _aBR-BrBNA
_bpor
_cBiblioteca Nacional de Agricultura
041 _a(Por)
072 _aE30; K00
090 _ E30 BR6003008
110 1 _aFAO, Rome (Italy)
110 1 _aInstituto Brasileiro de Desenvolvimento Florestal, Rio de Janeiro, GB (Brasil)
_95747
245 1 _aPesquisa e desenvolvimento florestal no Brasil. Plano de operacoes
_bProjeto BRA 45
260 3 _a[np](Brasil):
_c[nd].
300 _a46 p.
500 _a12 tables; Published after 1974
650 _aPesquisa Florestal
650 _aProjeto de Desenvolvimento
909 _a202309
_bLucia
_c55
_dLucia Elande
942 _cBK
999 _c57659
_d57659